00484nam a2200193 a 4500001001300000003000900013005001700022008004100039020001000080082001500090100001600105245002700121260003800148300000900186500003500195505001000230650003400240700001600274nice12345678IN_TiNIC20260116011402.0050524s1962 lona grp 000 0 eng  ac10000a220.1bREI aReid, J K S aAuthority of Scripture aLondonbMethuen and Companyc1962 a286p aincludes index and biblioraphy2 aIndex aBible-Evidences and Authority1 aReid, J K S